| 000 | 00881nam a22002777a 4500 | ||
|---|---|---|---|
| 001 | BR7603377 | ||
| 003 | BR-BrBNA | ||
| 005 | 20230928085024.0 | ||
| 007 | ta | ||
| 008 | 230509b bl.||||| |||| 00| 0 por d | ||
| 040 |
_aBR-BrBNA _bpor _cBiblioteca Nacional de Agricultura |
||
| 041 | _a(Por) | ||
| 072 |
_aF00; E30 _b2120 |
||
| 090 | _ 2120 BR7603377 | ||
| 100 | 1 | _aMotta Filho, J. de P. | |
| 111 | 1 |
_a1. Simposio Mineiro do Cafe _cPocos de Caldas, MG (Brazil) _d22 Oct 1976 |
|
| 245 | 1 | _aDiretrizes do programa de renovacao e revigoramento de cafezais | |
| 260 | 3 |
_aRio de Janeiro, RJ (Brasil): _bBloch Educacao, _c1976. |
|
| 300 | _a13 p. | ||
| 500 | _a(*) Documento disponível no(a) Instituto Brasileiro do Cafe, Rio de Janeiro, RJ | ||
| 650 | _aCAFE | ||
| 650 | _aFINANCIAMENTO | ||
| 650 | _aMINAS GERAIS | ||
| 909 |
_a202309 _bLucia _c55 _dLucia Elande |
||
| 942 | _cBK | ||
| 999 |
_c22426 _d22426 |
||